Heterogeneous agent systems /

Guardado en:
Otros Autores: Subrahmanian, V. S.
Formato: Libro
Idioma:English
Publicado: Cambridge, MA : MIT Press, c2000.
Materias:
Etiquetas: Agregar Etiqueta
Sin Etiquetas, Sea el primero en etiquetar este registro!
LEADER 00726cam a22002174a 4500
001 DCC.dcic001510
008 991228s2000####maua#####b####001#0#eng##
005 20151130145633.0
245 0 0 |a Heterogeneous agent systems /  |c V.S. Subrahmanian ... [et al.]. 
260 |a Cambridge, MA :  |b MIT Press,  |c c2000. 
300 |a xiv, 580 p. :  |b il. ;  |c 24 cm. 
504 |a Incluye referencias bibliográficas (p. [555]-570) e índice. 
020 |a 0262194368 (hc : alk. paper) 
700 1 |a Subrahmanian, V. S. 
082 0 0 |a 006.3  |2 21 
650 0 |a Heterogeneous computing. 
650 0 |a Intelligent agents (Computer software) 
010 |a  99461972  
040 |a DLC  |c DLC 
050 0 0 |a QA76.88.  |b H47 2000 
859 |a DCIC  |b BIB. COMPUTACION  |p 2028